| 000 | 00457nam a2200169Ia 4500 | ||
|---|---|---|---|
| 008 | 230917s9999||||xx |||||||||||||| ||und|| | ||
| 020 | _cRS995 | ||
| 040 |
_e235987 _aMAIN |
||
| 041 | _aEnglish | ||
| 082 | _a327 M687P | ||
| 100 | _aMishra, M K | ||
| 245 | 0 | _aPramukh deshon ki videsh nitiyan | |
| 260 |
_aNew Delhi _bKalpana Prakashan _c2016 |
||
| 300 | _a256 p. | ||
| 500 | _a2466 25/11/2016 HBD16/6719 25/11/2016 Main Budget Periodicals | ||
| 942 | _cBK | ||
| 999 |
_c19898 _d19898 |
||